000 00612nam a22001697a 4500
003 OSt
005 20250819052640.0
008 250819b |||||||| |||| 00| 0 eng d
040 _aDWC-Main Lib
_cOC
082 _aFil. 920 K11t 2020
100 _aKabasares, Cris D.
245 _aThis is on me :
_ba memoir of essays and articles/
_cCris D. Kabasares
260 _a[place of publication not identified] :
_b[publishing company not identified],
_cc2020.
300 _a226 pages :
_billustrations ;
_c22cm.
650 _a1. Kabasares, Cris - A memoir (1933-2016) --- Journalist.
942 _2ddc
_cBK - FIL
_kFil.
_n0
999 _c4066
_d4066